Ballon d´Or 2024 nominierte - Statistiken

Allgemein
  • Dieses Quiz wurde 105 mal gespielt
    104 seit der letzten Aktualisierung
  • Das Durchschnittsergebnis liegt bei 20 aus 29
Antwortstatistiken
Hint Antwort % Korrekt
Real Madrid / PSG Mbappe
96%
Leverkusen Wirtz
95%
Real Madrid Vinicius
92%
Manchester City Haaland
89%
Leipzig / Barcelona Olmo
87%
Real Madrid Kroos
86%
Bayern München Kane
85%
Real Madrid Bellingham
80%
Arsenal Saka
80%
Dortmund / AS Rom Hummels
79%
Leverkusen Xhaka
75%
Leverkusen Grimaldo
74%
Manchester City Rodri
71%
Real Madrid Rüdiger
71%
Aston Villa Martinez
69%
Barcelona Yamal
69%
Real Madrid Carvajal
68%
Manchester City Foden
67%
Real Madrid Valverde
67%
Arsenal Odegaard
64%
Bilbao Williams
64%
Atalanta Lookman
62%
Chelsea Palmer
62%
Manchester City Dias
53%
Arsenal Rice
52%
Arsenal Saliba
48%
Girona / AS Rom Dovbyk
34%
PSG Vitinha
34%
Inter Mailand Çalhanoğlu
27%
Keine übereinstimmenden Quizze gefunden
Verteilung der Resultate
Anzahl Personen mit jedem Resultat
Perzentil nach korrekt beantworteten Fragen
Ihre Resultats-Entwicklung
Sie haben dieses Quiz seit der letzten Aktualisierung nicht gespielt